Typing Challenge Reversed Quiz Stats

 Plays Quiz Updated Apr 23, 2015

Also try: Typing Challenge
Challenge
Share
Tweet
Embed
Score 0/46 Timer 01:00
5 Plays Today
Word droW % Correct
????
100%
????
99.8%
????
99.7%
????
99.6%
????
99.4%
????
99.3%
????
99%
????
98.7%
????
98.4%
????
98%
????
97.8%
????
97.4%
????
96.3%
????
95.3%
????
93.9%
????
91.7%
????
89.6%
????
87.6%
????
84.6%
????
81%
????
75.6%
????
71.1%
????
65.8%
Word droW % Correct
????
61%
????
55.1%
????
50.6%
????
45.7%
????
41.6%
????
37.4%
????
33.8%
????
30.8%
????
27.5%
????
23.6%
????
20.5%
????
16.2%
????
13.1%
????
10.6%
????
8.8%
????
7.2%
????
6%
????
4.7%
????
3.6%
????
2.5%
????
1.8%
????
1.1%
????
0.6%

You're not logged in!

Compare scores with friends on all Sporcle quizzes.
Join for Free
OR
Log In

You Might Also Like...

Show Comments

Extras

Top Quizzes Today


Score Distribution

Your Account Isn't Verified!

In order to create a playlist on Sporcle, you need to verify the email address you used during registration. Go to your Sporcle Settings to finish the process.

Report this User

Report this user for behavior that violates our Community Guidelines.

Details: